000 01229nam0a2200301 4500
001 RU\NLR\bibl\1420338
005 20260405184612.0
010 _a978-5-17-059802-1
_bАСТ
010 _a978-5-271-24103-1
_95000
_bАстрель
021 _aRU
_b2009-63065
_93889
035 _a(NLR Aleph) 001412287
090 _a1290173
_c1290173
100 _a20091006d2009 |||y0rusy50 ca
101 1 _arus
_aeng
_cger
102 _aRU
105 _ay |||||||||
200 1 _aУниверсальный русско-американский разговорник
_e[компактное издание, незаменимое в путешествии
_eперевод с немецкого
_fLangenscheidt
_gред.: Некрасова С.С.]
210 _aМосква
_cАСТ [и др.]
_d2009
215 _a287, [1] с.
_d12
606 1 _aРусский язык
_xРазговорники
_xАнглийский язык
_91553823
_3RU\NLR\auth\66979615
686 _aШ141.12-498.1
686 _aШ143.21-498.2
702 1 _4340
_8rus
_7ca
_aНекрасова
_bС. С.
_cпереводчик
_3RU\NLR\AUTH\7781047
_963975
801 0 _aRU
_bNLR
_c20091006
_gRCR
801 1 _aRU
_bNLR
_c20091006
942 _cBOOK
980 _aNB